Who is the footballplayer wearing glasses? - Statistics

General Stats
  • This quiz has been taken 21 times
  • The average score is 10 of 16
Answer Stats
Picture Answer % Correct
Christiano Ronaldo
100%
Diego Maradona
100%
Neymar Jr
100%
Kylian Mbappé
90%
Kaká
85%
Edgar Davids
75%
Roberto Firmino
70%
Romelu Lukaku
65%
Jérôme Boateng
60%
Marco Reus
55%
Alex Oxlade-Chamberlain
50%
Mario Balotelli
50%
Jadon Sancho
45%
Lilian Thuram
40%
Vinícius Júnior
40%
Alexandre Song
10%
No matching quizzes found
Score Distribution
Percent of People with Each Score
Percentile by Number Answered
Your Score History
You have not taken this quiz